000
00288nam a22001337a 4500
008
210519b ||||| |||| 00| 0 eng d
041
_a
eng
080
_a
94
082
_a
94
100
_a
16
101
_a
SHH
245
_a
Britain Between the Wars
_c
Charles L. Mowat
942
_2
udc
_c
BK
999
_c
57530
_d
57530